00807nam a2200229 a 4500001001000000005001700010008004100027020001500068040001800083050002700101100001600128245011900144260002500263300004200288500004200330504003100372600006200403650003800465700003200503700002000535700002200555BRCA_179320190320203543.0931122s1992 be-a---##b---#000-0#fre-# a9080112410 aDLCcDLCdDLC 4aN6465.A7.B4b.V53 19921 aVictoir, J.10aHenri BeyaertbDu Classicisme à l´Art NouveaucJ. Victoir, J. Vanderperren ; préfacé par Victor G. Martiny. aBelgiquebDylec1992 a296 p.bil. (algunas a color)c32 cm. aColección Sonia Corcuera de Mancera aBibliografía: p. 278-28114aBeyaert, Hendrikd1823-1894xCrítica e interpretación14aArquitecturaySiglo XXzBélgica1 aBeyaert, Hendrikd1823-18941 aVanderperren, J1 aMartiny, Victor G